World trade indicators 2008 : (Record no. 15010)

000 -LEADER
fixed length control field 00910cam a2200289 a 4500
020 ## - INTERNATIONAL STANDARD BOOK NUMBER
ISBN 9780821375679
020 ## - INTERNATIONAL STANDARD BOOK NUMBER
ISBN 0821375679
020 ## - INTERNATIONAL STANDARD BOOK NUMBER
ISBN 9780821375686 (electronic)
020 ## - INTERNATIONAL STANDARD BOOK NUMBER
ISBN 0821375687 (electronic)
040 ## - CATALOGING SOURCE
Transcribing agency DLC
082 00 - DEWEY DECIMAL CLASSIFICATION NUMBER
Classification number 382 WOR 2008 A073 Or.
100 1# - MAIN ENTRY--AUTHOR NAME
Personal name Islam, Roumeen.
245 10 - TITLE STATEMENT
Title World trade indicators 2008 :
Remainder of title benchmarking policy and performance /
260 ## - PUBLICATION, DISTRIBUTION, ETC. (IMPRINT)
Place of publication Washington, DC :
Name of publisher World Bank,
Year of publication c2008.
300 ## - PHYSICAL DESCRIPTION
Number of Pages xxiii, 121 p. :
Other physical details col. ill. ;
Dimensions 28 cm. +
Accompanying material CD-ROM (4 3/4 in.)
500 ## - GENERAL NOTE
General note Errata slip inserted.
650 #0 - SUBJECT ADDED ENTRY--TOPICAL TERM
Topical Term International trade.
650 #0 - SUBJECT ADDED ENTRY--TOPICAL TERM
Topical Term Commercial statistics.
650 #0 - SUBJECT ADDED ENTRY--TOPICAL TERM
Topical Term Economic indicators.
650 #0 - SUBJECT ADDED ENTRY--TOPICAL TERM
Topical Term International trade
650 #0 - SUBJECT ADDED ENTRY--TOPICAL TERM
Topical Term Commercial statistics
650 #0 - SUBJECT ADDED ENTRY--TOPICAL TERM
Topical Term Economic indicators
700 1# - ADDED ENTRY--PERSONAL NAME
Personal name Zanini, Gianni,
710 2# - ADDED ENTRY--CORPORATE NAME
Corporate name or jurisdiction name as entry element World Bank.
856 41 - ELECTRONIC LOCATION AND ACCESS
Uniform Resource Identifier http://www.loc.gov/catdir/toc/ecip0823/2008029528.html
942 ## - ADDED ENTRY ELEMENTS (KOHA)
Koha item type សៀវភៅភាសាអង់គ្លេស
952 ## - LOCATION AND ITEM INFORMATION (KOHA)
Withdrawn status [LOCAL, KOHA] 0
Holdings
Permanent Location Date acquired Koha item type Lost status Shelving location Barcode Current Location Full call number
Library Block A2017-11-01សៀវភៅភាសាអង់គ្លេស A073A27885Library Block A382 WOR 2008 A073 Or.
មជ្ឈមណ្ឌលឯការនៃសាកលវិទ្យាល័យភូមិន្ទកសិកម្មចំការដូង

Powered by Koha